All-of-a-kind family downtown #2 [CD/sound ... Read More
Available copies
- 0 of 1 copy available at LARL/NWRL Consortium.
- 0 of 1 copy available at Northwest Regional Library. (Show preferred library)
Current holds
0 current holds with 1 total copy.
View other formats and editions
Show Only Available Copies
| Location | Call Number / Copy Notes | Barcode | Shelving Location | Status | Due Date |
|---|---|---|---|---|---|
| Roseau Public Library | BOOK-ON-CD j TAY (Text) | 35500004015408 | Main | Checked out | 07/03/2026 |
Record details
- ISBN: 1593160879 :
- ISBN: 9781593160876
- Physical Description: 3 sound discs (ca. 80 min. each) : digital ; 4 3/4 ... Read More
- Publisher: Roseland, NJ : Listen & Live Audio, p2006.
Content descriptions
| General Note: | Unabridged. Compact discs. |
| Participant or Performer Note: | Read by Suzanne Toren. |
| Summary, etc.: | Sydney Taylor grew up among immigrant families on ... Read More |
Search for related items by subject
| Subject: | Sisters > New York (State) > New York > Juvenile fiction. Families > New York (State) > New York > Juvenile fiction. Sisters > Fiction. New York (N.Y.) > Fiction. Family life > Fiction. |
| Genre: | Compact discs. Audiobooks. |
Search for related items by series
| LDR | 01957cim a2200433Ka 4500 | ||
|---|---|---|---|
| 001 | 79787 | ||
| 003 | LARL_NWRL_CONSORTIUM | ||
| 005 | 20070508113133.0 | ||
| 007 | sd fungnn|||uu | ||
| 008 | 060608s2006 njunnn j f eng d | ||
| 020 | . | ‡a1593160879 : ‡c$27.95 | |
| 020 | . | ‡a9781593160876 | |
| 024 | 1 | . | ‡a762458317924 |
| 028 | 0 | 2. | ‡aLL179 ‡bListen & Live Audio |
| 035 | . | ‡a(OCoLC)70047288 | |
| 043 | . | ‡an-us-ny | |
| 082 | 0 | 4. | ‡a[Fic] ‡222 |
| 100 | 1 | . | ‡aTaylor, Sydney, ‡d1904-1978. ‡0(LARL_NWRL_CONSORTIUM)64007 |
| 245 | 1 | 0. | ‡aAll-of-a-kind family downtown ‡n#2 ‡h[CD/sound recording] / ‡cSydney Taylor. |
| 260 | . | ‡aRoseland, NJ : ‡bListen & Live Audio, ‡cp2006. | |
| 300 | . | ‡a3 sound discs (ca. 80 min. each) : ‡bdigital ; ‡c4 3/4 in. | |
| 490 | 0 | . | ‡aAll-Of-A-Kind Family ; ‡v2 |
| 511 | 0 | . | ‡aRead by Suzanne Toren. |
| 500 | . | ‡aUnabridged. | |
| 500 | . | ‡aCompact discs. | |
| 520 | . | ‡aSydney Taylor grew up among immigrant families on New York City's Lower East Side prior to World War I and wrote the "All-of-a-Kind Family" series for her daughter. This sequel finds talented Ella, mischievous Henny, studious Sarah, dreamy Charlotte, and little Gertie helping Mama with their new baby brother, Charlie. Sydney Taylor's charming books capture the everyday life of a home with little money but lots of love and good times to share. | |
| 650 | 0. | ‡aSisters ‡zNew York (State) ‡zNew York ‡vJuvenile fiction. | |
| 650 | 0. | ‡aFamilies ‡zNew York (State) ‡zNew York ‡vJuvenile fiction. | |
| 650 | 1. | ‡aSisters ‡vFiction. ‡0(LARL_NWRL_CONSORTIUM)167281 | |
| 651 | 1. | ‡aNew York (N.Y.) ‡vFiction. ‡0(LARL_NWRL_CONSORTIUM)166410 | |
| 650 | 1. | ‡aFamily life ‡vFiction. | |
| 655 | 0. | ‡aCompact discs. | |
| 655 | 0. | ‡aAudiobooks. ‡0(LARL_NWRL_CONSORTIUM)175801 | |
| 700 | 1 | . | ‡aToren, Suzanne. ‡0(LARL_NWRL_CONSORTIUM)141828 |
| 901 | . | ‡a79787 ‡bOCLC ‡c79787 ‡tbiblio | |

Add to basket
Permalink
Disable Highlighting